=LDR 00000nam 2200000 4500 =001 INLIS000000000016645 =005 20200421074445 =035 ##$$a 0010-061300000016645 =008 200421################g##########0#ind## =041 ##$$a Ind =082 ##$$a 2x3.104 =090 ##$$a 2x3.104, Mun o =100 ##$$a Al-Munajjid, Muhammad Sholih =245 1#$$a Obat lemahnya iman /$c Muhammad Sholih Al-Munajjid =260 ##$$a Jakarta :$b Darul Falah,$c 2001 =300 ##$$a 111 hlm ; $c 16 x 12 cm. =650 #4$$a Iman-Obat =850 ##$$a NBPNMAT =084 ##$$a 2x3. 104 Mun o =990 ##$$a 20400349 =990 ##$$a 2033991